ព្រះនាងទេពមច្ឆា / (Record no. 4467)
[ view plain ]
| 000 -LEADER | |
|---|---|
| fixed length control field | 02768nam a22003137a 4500 |
| 001 - CONTROL NUMBER | |
| control field | 4467 |
| 003 - CONTROL NUMBER IDENTIFIER | |
| control field | FISKH |
| 005 - DATE AND TIME OF LATEST TRANSACTION | |
| control field | 20251110155517.0 |
| 008 - FIXED-LENGTH DATA ELEMENTS--GENERAL INFORMATION | |
| fixed length control field | 240911b cb ||||| |||| 00| 0 eng d |
| 020 ## - INTERNATIONAL STANDARD BOOK NUMBER | |
| International Standard Book Number | 9789995099824 |
| 040 ## - CATALOGING SOURCE | |
| Original cataloging agency | FISKH |
| Language of cataloging | Bilingual |
| Transcribing agency | FISKH |
| Modifying agency | FISKH |
| 050 ## - LIBRARY OF CONGRESS CALL NUMBER | |
| Classification number | PZ7 |
| 082 ## - DEWEY DECIMAL CLASSIFICATION NUMBER | |
| Classification number | 900 |
| 100 ## - MAIN ENTRY--PERSONAL NAME | |
| Personal name | Sotheary, Kimsun |
| Relator term | author |
| 245 ## - TITLE STATEMENT | |
| Title | ព្រះនាងទេពមច្ឆា / |
| Statement of responsibility, etc. | by Kimsun Sotheary |
| 260 ## - PUBLICATION, DISTRIBUTION, ETC. | |
| Place of publication, distribution, etc. | ភ្នំពេញ : |
| Name of publisher, distributor, etc. | Reading Book ; |
| Date of publication, distribution, etc. | ២០០៩ . |
| 300 ## - PHYSICAL DESCRIPTION | |
| Extent | 36 pages : |
| Other physical details | color illustrations ; |
| Dimensions | 26 cm . |
| 490 ## - SERIES STATEMENT | |
| Series statement | ពិភពរឿងនិទាន |
| 505 ## - FORMATTED CONTENTS NOTE | |
| Formatted contents note | M <br/> |
| 520 ## - SUMMARY, ETC. | |
| Summary, etc. | កាលពីព្រេងនាយ មានរាជេវាំងផ្កាង្មរបស់ស្តេចមច្ឆានៅបាតសមុទ្រ ។ ស្តេចមច្ឆានេះមានបុត្រីប្រាំពីរអង្គ ។ព្រះនាងពៅមានអាយុ១៦ព្រះវស្សា ព្រះបិតាក៏រៀបចំពិធីខួបកំនើតអោយនាង តែនាងមិនបាននៅក្នុពិធីទេ នាងបានហែលទឹកលេងជាមួយមិត្តរបស់នាង ហើយក៏បានជួយសង្គ្រោះមនុស្សម្នាក់ដែលសន្លប់បាត់ស្មារតី ។ ព្រះនាងក៏បានទូលដល់ព្រះបិតាធ្វើអោយទ្រង់ខ្ញាល់ជាខ្លាំង ។ ដើម្បីបានជួបបុរសម្នក់នោះនាងចាញ់កលមេធ្មប់ស្ទើរតែបាត់បង់ជិវីត តែចុងក្រោយបុរសម្នាក់នោះបានមកជួយនាងទាន់ពេល ហើយក៏បានរៀបការជាមួយនាងក្នុងពេលនោះទៅ ។ |
| 520 ## - SUMMARY, ETC. | |
| Summary, etc. | In ancient times, there was a king's flower palace at the bottom of the sea. The king had seven daughters. The youngest was 16 years old when her father gave her a birthday party, but she was not there. She swam with her friend and rescued a man. Unconscious . The princess also told her father to make him very angry. To meet the man, she lost the witch, almost lost her life, but finally the man came to help her in time and married her in Then go. |
| 521 8# - TARGET AUDIENCE NOTE | |
| Target audience note | 550 <br/> |
| Source | Lexile estimate <br/> |
| 521 8# - TARGET AUDIENCE NOTE | |
| Target audience note | M <br/> |
| Source | Raz-Plus <br/> |
| 650 ## - SUBJECT ADDED ENTRY--TOPICAL TERM | |
| Topical term or geographic name entry element | បុត្រីពៅ |
| Form subdivision | រឿងប្រឌិត |
| 650 ## - SUBJECT ADDED ENTRY--TOPICAL TERM | |
| Topical term or geographic name entry element | Youngest daughter |
| Form subdivision | fiction |
| 700 ## - ADDED ENTRY--PERSONAL NAME | |
| Personal name | San, Thai |
| Relator term | illustrator |
| 942 ## - ADDED ENTRY ELEMENTS (KOHA) | |
| Source of classification or shelving scheme | Dewey Decimal Classification |
| Koha item type | Khmer Books |
| Suppress in OPAC | No |
| Withdrawn status | Lost status | Source of classification or shelving scheme | Damaged status | Not for loan | Collection | Home library | Current library | Shelving location | Date acquired | Total Checkouts | Full call number | Barcode | Date last seen | Copy number | Price effective from | Koha item type |
|---|---|---|---|---|---|---|---|---|---|---|---|---|---|---|---|---|
| Dewey Decimal Classification | Khmer-English Bilingual / ភាសាខ្មែរ-អង់គ្លេស | Footprints International School Library Network Toul Tom Poung Campus | Footprints International School Library Network Toul Tom Poung Campus | TTP Primary Khmer Bookshelves | 09/11/2024 | SOT PZ7 900 | FIS03810 | 05/26/2025 | 1 | 09/11/2024 | Khmer Books | |||||
| Dewey Decimal Classification | Khmer-English Bilingual / ភាសាខ្មែរ-អង់គ្លេស | Footprints International School Library Network Toul Tom Poung Campus | Footprints International School Library Network Toul Tom Poung Campus | TTP Primary Khmer Bookshelves | 09/16/2025 | SOT PZ7 900 | FISBK04314 | 09/16/2025 | 2 | 09/16/2025 | Khmer Books | |||||
| Dewey Decimal Classification | Khmer-English Bilingual / ភាសាខ្មែរ-អង់គ្លេស | Footprints International School Library Network Toul Tom Poung Campus | Footprints International School Library Network Toul Tom Poung Campus | TTP Primary Khmer Bookshelves | 11/10/2025 | SOT PZ7 900 | FIS04559 | 11/10/2025 | 3 | 11/10/2025 | Khmer Books |
